Ľudstvo a dejiny

Podrobná bibliografia
Hlavný autor: Timura, Viktor, 1938- (Autor)
Médium: Kniha
Jazyk:slovenčina
Fyzický popis:502 s. 22 cm
Vydavateľské údaje: Bratislava Spolok slovenských spisovateľov 1997
ISBN:8088735491
Predmet:

MARC

LEADER 00000cam a2200000 a 4500
001 vtls001359939
003 SK-MaSNL
005 20260301201036.0
008 240314s1997 xo ad r yy slo
015 |a SNBA1999/08-02838 
020 |a 8088735491 
035 |a SNK000313482 
035 |a urn:nbn:sk:snk-amkj8k 
035 |a urn:nbn:sk:snk-am008hs9 
035 |a 4CEC18B4-5052-4183-A51D-BCB0E4E19F6B 
040 |a SNK  |b slo  |c SNK  |e AACR2 
041 0 |a slo 
044 |a xo  |c SK 
080 |a 008:930.85  |2 1981 
100 1 |a Timura, Viktor,  |d 1938-  |4 aut  |9 113016 
245 1 0 |a Ľudstvo a dejiny  |c Viktor Timura 
260 |a Bratislava  |b Spolok slovenských spisovateľov  |c 1997 
300 |a 502 s.  |c 22 cm 
500 |a Mimo edície 
504 |a Bibliogr. s. 437-456. Res. angl., nem. a rus. Reg. 
650 0 7 |a ľudstvo  |x dejiny  |x filozofia  |x monografie  |2 SNK  |9 581041 
655 7 |a príručky  |2 SNK  |9 74364 
919 |a 80-88735-49-1 
958 |a TL 
958 |a NB 
999 |c 893142  |d 895072 
952 |t P60, <03>, [BOOK], {603}  |a SNK  |b SNK  |y PREZ  |7 0  |p 17A0189400  |o snkSC 98324  |i snkKSP 3916/99  |0 0  |1 0  |4 0  |d 1999-04-13  |f 1  |l 0  |r 2025-09-18 00:00:00  |w 2026-02-24 
952 |t P60, <04>, [BOOK], {604}  |a SNK  |b SNK  |y VYP  |7 0  |p 17A0189401  |o snkSC 98324 D1  |i snkKSP 3917/99  |0 0  |1 0  |4 0  |d 1999-04-13  |l 0  |r 2005-01-02 00:00:00  |w 2026-02-24